Statistics for Biggest City in each U.S. State by Letter M

Click here to take the quiz!

General Stats

  • This quiz has been taken 724 times
    (225 since last reset)
  • The average score is 11 of 22

Answer Stats

StatePopulationCity% Correct
Minnesota382,578Minneapolis
95%
Tennessee646,889Memphis
93%
Florida470,914Miami
93%
Alabama205,764Montgomery
93%
Arizona439,041Mesa
91%
Wisconsin594,833Milwaukee
90%
New Hampshire109,565Manchester
83%
Georgia91,351Macon
73%
California201,165Modesto
61%
Montana66,788Missoula
59%
Idaho75,092Meridian
43%
Texas139,824Mesquite
39%
Kansas52,281Manhattan
35%
Oregon74,907Medford
31%
Indiana70,085Muncie
30%
New York67,292Mount Vernon
23%
Connecticut59,653Meriden
19%
South Carolina67,843Mount Pleasant
19%
Oklahoma55,081Moore
17%
Washington60,020Marysville
15%
Massachusetts59,450Malden
14%
Utah60,297Millcreek
6%

Score Distribution

Percentile by Number Answered

Percent of People with Each Score

Your Score History

You have not taken this quiz since the last reset